Prešov

Zobrazenie: Tri čiastkové pohľady v bielom orámovaní. Pohľad na námestie s radom budov a obchodov vľavo, kostolom sv. Mikuláša vpravo v pozadí. Pohľad na obchody na námestí, medzi nimi aj pamätný dom Rákociho palác. Pohľad na námestie so zaparkovanými automobilmi a konskými povozmi na ulici, ľuďmi n...

Full description

Bibliographic Details
Format: Photo
Language:Slovak
Published: [Prešov] Lichtig 1933
Subjects:

MARC

LEADER 00000nkm a2200000 a 4500
001 vtls011829552
003 SK-MaSNL
005 20260301184849.0
007 kf bo
008 230706s1933 xo g kuslo
015 |a SNBG1933 
035 |a urn:nbn:sk:snk-km00du66 
035 |a urn:nbn:sk:snk-km3ltvp 
035 |a 07ADB7A0-F1AD-428E-855F-6819B296840A 
040 |a SNK  |b slo  |c SNK  |e AACR2 
041 0 |a slo 
043 |a e-xo--- 
044 |a xo  |c SK 
072 7 |a 913  |x Regionálna geografia  |2 konspekt 
080 |a 913(437.6)  |2 2011 
080 |a (084.121)  |2 2011 
080 |a 726:27-523.42  |2 2011 
080 |a 711.61  |2 2011 
080 |a 721  |2 2011 
080 |a 725  |2 2011 
080 |a 712.253  |2 2011 
080 |a 728.1-021.412.1  |2 2011 
245 0 0 |a Prešov  |h grafika 
260 |a [Prešov]  |b Lichtig  |c 1933 
300 |a 1 pohľadnica (3 čiastkové pohľady)  |b čiernobiela  |c 14 x 10 cm 
520 8 |a Zobrazenie: Tri čiastkové pohľady v bielom orámovaní. Pohľad na námestie s radom budov a obchodov vľavo, kostolom sv. Mikuláša vpravo v pozadí. Pohľad na obchody na námestí, medzi nimi aj pamätný dom Rákociho palác. Pohľad na námestie so zaparkovanými automobilmi a konskými povozmi na ulici, ľuďmi na chodníkoch a kostolom v pozadí 
610 2 7 |a Kostol sv. Mikuláša (Prešov, Slovensko)  |2 SNKKA  |9 57217 
650 0 7 |a námestia  |2 SNKPH  |9 26291 
650 0 7 |a budovy  |2 SNKPH  |9 1283 
650 0 7 |a obchody  |2 SNKPH  |9 3004 
650 0 7 |a parky  |2 SNKPH  |9 2942 
650 0 7 |a kostoly  |2 SNKPH  |9 3023 
650 0 7 |a významné domy  |2 SNKPH  |9 121884 
651 7 |a Prešov (Slovensko)  |2 SNKPHgeo  |9 17347 
655 7 |a miestne pohľadnice  |2 SNKPH  |9 70510 
852 |a Slovenská národná knižnica 
958 |a GBN 
958 |a GC 
958 |a ONDV 
999 |c 861921  |d 863851 
952 |a SNK  |b SNK  |y PREZ  |7 0  |p 17A1240937  |o snkSP 37747  |z Pohľadnica prešla poštou.  |0 0  |1 0  |4 0  |d 2018-12-12  |f 1  |l 0  |r 2026-02-24 05:15:22  |w 2026-02-24